| 000 | 01089nam0a22002891 4500 | ||
|---|---|---|---|
| 001 | rc\3386824 | ||
| 005 | 20130115154137.6 | ||
| 035 | _a(NLR Aleph) 007455550 | ||
| 090 |
_a7261768 _c7261768 |
||
| 100 | _a20130115d1973 |||y0rusy50 ca | ||
| 101 | 0 | _arus | |
| 102 | _aRU | ||
| 105 | _aa z ||||| | ||
| 200 | 1 |
_aАлмазное выглаживание деталей _fКанд. техн. наук А.С. Кондратов, А.А. Воронин, Л.А. Хворостухин ... [и др.] _gНауч.-исслед. ин-т технологии и организации производства. НИАТ |
|
| 210 |
_aМосква] _cБ. и. _d1973 |
||
| 215 |
_a32 с. _cил. _d29 |
||
| 320 | _aБиблиогр.: с. 31 | ||
| 333 | _aДля служебного пользования. Экз. № 000006 | ||
| 701 | 1 |
_aВоронин _bА. А. |
|
| 701 | 1 |
_aХворостухин _bЛ. А. |
|
| 701 | 1 |
_aКондратов _bА. С. |
|
| 801 | 0 |
_aRU _bNLR _gpsbo |
|
| 801 | 1 |
_aRU _bELAR _2rusmarc |
|
| 852 |
_aNLR _jП11/679 |
||
| 852 |
_aNLR _bОСХ |
||
| 942 | _cBOOK | ||
| 980 | _aNB | ||